00529nam a22001817a 450000500170000001000130001702000100003003500130004003700160005304000120006908200160008124500700009726000390016727000720020630000280027865000200030670000210032620170124110050.0 aB-047154 c45.00 aB-047154 bCen Lib/Ret aDPLbEN a793.73bPRI aPuzzles and teasers or the easy chair /cedited by David Prichard aNew DelhibGaurav Publishing House aE-30, Jawahar Park, Near Vikas Marg. Laxmi NagarbNew Delhie110092 a159p. :c17cm(Hb)bill. aGame - handbook a Prichard, David